UBT Library

A cognitive psychology of mass communication / (Record no. 1242)

000 -LEADER
fixed length control field 00541nam a22001817a 4500
008 - FIXED-LENGTH DATA ELEMENTS--GENERAL INFORMATION
fixed length control field 151009b xxu||||| |||| 00| 0 eng d
020 ## - INTERNATIONAL STANDARD BOOK NUMBER
International Standard Book Number 0805846603 (case : alk. paper)
041 0# - LANGUAGE CODE
Language code of text/sound track or separate title eng
080 ## - UNIVERSAL DECIMAL CLASSIFICATION NUMBER
Universal Decimal Classification number 159.9
100 1# - Rafti
Rafti Harris, Richard Jackson.
245 12 - TITLE STATEMENT
Title A cognitive psychology of mass communication /
Statement of responsibility, etc Richard Jackson Harris.
250 ## -
-- 4th ed.
260 ## -
-- Mahwah, N.J. ;
-- London :
-- L. Erlbaum Associates,
-- 2004.
300 ## -
-- xx, 464 f. ;
-- 24 cm.
650 #0 -
-- Psikologji
650 #0 -
-- Komunikimi masiv
942 ## - ADDED ENTRY ELEMENTS (KOHA)
Source of classification or shelving scheme
Item type Books
Holdings
Withdrawn status Lost status Source of classification or shelving scheme Damaged status Not for loan Collection code Permanent location Current location Shelving location Date acquired Total Checkouts Full call number Barcode Date last seen Price effective from Koha item type
          Koleksioni i përgjithshem UBT - Lipjan UBT - Lipjan Koleksioni i përgjithshem 10/09/2015   159.9 HAR 002-008596 10/04/2017 10/09/2015 Books
UBT Library © 2015-2024. All rights reserved University Education for Business and Technology